000 01320na a2200385 4500
999 _c9100
_d9100
001 21174
003 MIRAKIL
005 20200618165054.0
008 170201b tu 000 0
035 _a19309
040 _aMilas
_btur
_cTR-AnCHP
041 _atur
082 _aCHP 338.1706
_bC36f 2016
090 _aBROŞÜR 431
110 _aCumhuriyet Halk Partisi (CHP)
222 _aTarım raporları
222 _aCHP tarım
245 _aFındık raporu:
_bFındığımıza sahip çıkıyoruz,
_cCumhuriyet Halk Partisi
246 _aFındığımıza sahip çıkıyoruz
246 _aCHP fındık raporu
260 _aAnkara:
_bCHP,
_c2016.
300 _a18 s.:
_brnk. res.,
_c21 sm.
440 _aCumhuriyet Halk Partisi yayınları
_pRaporlar
505 _aFındıktaki güncel durum ve AKP'nin yalanları - CHP iktidarında fındık politikası nasıl olacak...
610 _aCHP
_xFındık üretimi
_yRaporlar
610 _aCHP
_xFındık politikası
650 _aFındık üretimi
_yRaporlar
650 _aTarım sorunları
_xFındık üretimi
_yRaporlar
_zTürkiye
740 _aFındığımıza sahip çıkıyoruz
830 _aCHP raporları
942 _cVIS
_2ddc
999 _d9100